| 000 | 01141nam a22002537a 4500 | ||
|---|---|---|---|
| 005 | 20170124102952.0 | ||
| 010 | _aB-075029 | ||
| 020 |
_c125.00 _a8170551463 |
||
| 035 | _aB-075029 | ||
| 037 | _bCen Lib/Ret | ||
| 040 |
_aDPL _bHN |
||
| 082 |
_a821.08 _bतिवारी |
||
| 100 |
_aतिवारी, गोपाल शरण _951938 |
||
| 245 |
_aसहस्राब्दी का कवि : _cगोपाल शरण तिवारी _bतुलसीदास / |
||
| 246 |
_aSehestrabdi ka kavi : Tulsidaas / _bby Gopal Sharan Tiwari |
||
| 260 |
_aनयी दिल्ली _bवाणी प्रकाशन _c2002 |
||
| 270 |
_bनयी दिल्ली _e110002 _a21-ए, दरियागंज |
||
| 300 |
_a111पृ. _c20सेमी (सजिल्द) |
||
| 650 |
_aहिन्दी -- साहित्य _951939 |
||
| 650 |
_aहिन्दी -- तुलसी -- चिन्तक एवं कवि _951940 |
||
| 650 |
_aHindi -- literature _951941 |
||
| 650 |
_aHindi - Tulsi - thinker and poet _951942 |
||
| 942 |
_2ddc _cHN _h821.08 _mतिवारी |
||
| 999 |
_c113371 _d113371 |
||